LEADER 01346nam a22002651i 4500 001 991001201249707536 005 20031209200542.0 008 040407s1934 it |||||||||||||||||ita 035 $ab12734263-39ule_inst 035 $aARCHE-071390$9ExL 040 $aDip.to Scienze Storiche$bita$cA.t.i. Arché s.c.r.l. Pandora Sicilia s.r.l. 082 04$a945.107 110 2 $aSardegna $05552 245 10$aDispacci di Corte, Ministeriali e Vice-regi concernenti gli affari politici, giuridici ed ecclesiastici del Regno di Sardegna :$b1720-1721 /$ca cura del dott. Francesco Loddo-Canepa 260 $aRoma :$bSocietà nazionale per la storia del Risorgimento,$c1934 300 $aXXVII, 271 p. ;$c26 cm 440 0$aBiblioteca Scientifica.$nSerie 2,$pFonti ;$v1 650 4$aRegno di Sardegna. 1717-1861$y1720-1721$xFonti 700 1 $aLoddo Canepa, Francesco$eauthor$4http://id.loc.gov/vocabulary/relators/aut$0185002 907 $a.b12734263$b02-04-14$c16-04-04 912 $a991001201249707536 945 $aLE009 STOR.63-153b/1$g1$i2009000213852$lle009$o-$pE0.00$q-$rn$so $t0$u0$v0$w0$x0$y.i13268910$z16-04-04 996 $aDispacci di Corte, Ministeriali e Vice-regi concernenti gli affari politici, giuridici ed ecclesiastici del Regno di Sardegna$93369568 997 $aUNISALENTO 998 $ale009$b16-04-04$cm$da $e-$fita$git $h0$i1 LEADER 01850oam 2200529M 450 001 9910715796003321 005 20191123062008.2 035 $a(CKB)5470000002514110 035 $a(OCoLC)1065571461 035 $a(OCoLC)995470000002514110 035 $a(EXLCZ)995470000002514110 100 $a20070221d1850 ua 0 101 0 $aeng 135 $aurcn||||||||| 181 $ctxt$2rdacontent 182 $cc$2rdamedia 183 $acr$2rdacarrier 200 10$aAssistant Secretary of State, &c. (To accompany Bill H.R. No. 392.) September 16, 1850 210 1$a[Washington, D.C.] :$c[publisher not identified],$d1850. 215 $a1 online resource (11 pages) 225 1 $aHouse report / 31st Congress, 1st session. House ;$vno. 491 225 1 $a[United States congressional serial set ] ;$v[serial no. 585] 300 $aBatch processed record: Metadata reviewed, not verified. Some fields updated by batch processes. 300 $aFDLP item number not assigned. 517 $aAssistant Secretary of State, &c. 606 $aExecutive departments$xReorganization 606 $aAdministrative agencies$xReorganization 606 $aJob descriptions 606 $aClerks 606 $aCivil service 608 $aLegislative materials.$2lcgft 615 0$aExecutive departments$xReorganization. 615 0$aAdministrative agencies$xReorganization. 615 0$aJob descriptions. 615 0$aClerks. 615 0$aCivil service. 701 $aBayly$b Thomas Henry$f1810-1856$pDemocrat (VA)$01404449 801 0$bWYU 801 1$bWYU 801 2$bOCLCO 801 2$bOCLCQ 801 2$bOCLCO 801 2$bOCLCQ 906 $aBOOK 912 $a9910715796003321 996 $aAssistant Secretary of State, &c. (To accompany Bill H.R. No. 392.) September 16, 1850$93479037 997 $aUNINA LEADER 01136nam0 22002891i 450 001 UON00077212 005 20231205102415.707 100 $a20020107d1923 |0itac50 ba 101 $aita 102 $aIT 105 $a|||| ||||| 200 1 $aˆLa ‰Tripolitania settentrionale e la sua vita sociale studiate dal vero$fFrancesco Coletti 205 $a2 ed 210 $aBologna$cZanichelli$d1923 215 $a279 p.$cill.$d18 cm 316 $adata inesatta$5IT-UONSI B Afr4/0189 606 $aLIBIA$xDescrizioni$3UONC023470$2FI 620 $aIT$dBologna$3UONL000085 676 $a916.12$cDESCRIZIONI DELLA LIBIA$v21 700 1$aCOLETTI$bFrancesco$3UONV050638$0309462 712 $aZanichelli$3UONV245996$4650 801 $aIT$bSOL$c20240220$gRICA 899 $aSIBA - SISTEMA BIBLIOTECARIO DI ATENEO$2UONSI 912 $aUON00077212 950 $aSIBA - SISTEMA BIBLIOTECARIO DI ATENEO$dSI B Afr 4 0189 $eSI MR 16387 7 0189 data inesatta 996 $aTripolitania settentrionale e la sua vita sociale studiate dal vero$91299691 997 $aUNIOR LEADER 02115nam 2200541Ka 450 001 9910164060303321 005 20240912110142.1 010 $a9781492621737 010 $a1492621730 010 $a9781492621720 010 $a1492621722 035 $a(CKB)3710000001056090 035 $a(BIP)056210464 035 $a(VLeBooks)9781492621720 035 $a(ODN)ODN0003082750 035 $a(MiAaPQ)EBC30352329 035 $a(Au-PeEL)EBL30352329 035 $a(EXLCZ)993710000001056090 100 $a20170111d2017 uy 1 101 0 $aeng 135 $aurcn|---||||| 181 $ctxt$2rdacontent 182 $cc$2rdamedia 183 $acr$2rdacarrier 200 10$aFlash of fury /$fLea Griffith 205 $a1st ed. 210 $d2017 215 $a1 online resource 225 $aEndgame Ops 311 08$a1-4926-4630-X 330 $aTheir spark is immediate Kingston McNally lost men when someone betrayed his team, and now he's out for retribution. His quest for the enemy's courier leads him to Cameroon and Allie Redding, a petite Peace Corps volunteer as stubborn as she is brave. Their attraction is immediate, but Allie has secrets of her own...and she's not giving them up easily. But their secrets could burn them both Allie's life has been spent hiding in plain sight, but she's had enough of her cloak-and-dagger existence. On her way home, her plane is hijacked?and King saves her life. But that doesn't mean she owes him anything...even if he is the most damnably sexy man she's ever laid eyes on. He's got black ops and secrets written all over him, and trust is a two-way street. 410 0$aEndgame Ops Series 606 $aFiction$2OverDrive 606 $aRomance$2OverDrive 606 $aSuspense$2OverDrive 610 $aFiction 615 17$aFiction. 615 7$aRomance. 615 7$aSuspense. 686 $aFIC027110$2bisacsh 700 $aGriffith$b Lea$01775093 801 0$bMiAaPQ 801 1$bMiAaPQ 801 2$bMiAaPQ 906 $aBOOK 912 $a9910164060303321 996 $aFlash of fury$94289138 997 $aUNINA